History Quiz

Random History or Nation Quiz

How'd That Get in the Smithsonian? Quiz Stats

 Plays Quiz Updated Nov 5, 2015

Challenge
Share
Tweet
Embed
Score 0/18 Timer 05:00
3 Plays Today
% Correct
Spacesuit
97%
Revolver
94.6%
Top Hat
93.4%
Black Judicial Robe
81.3%
Enola Gay
80.9%
Compass
80.4%
Book of Experiments
80.2%
Polio Vaccine
79.8%
Stairwell Sign
79.5%
% Correct
Burgess Shale
78.9%
Drawings of Little Bighorn
76.6%
Greensboro Woolworth's Lunch Counter
73.5%
Star Spangled Banner Flag
67.6%
Trial Photo
67%
Predator Drone
66.8%
Gold Nugget
64.6%
The Lansdowne Portrait
50.8%
Union Jacket
41.6%

You're not logged in!

Compare scores with friends on all Sporcle quizzes.
OR
Log In

You Might Also Like...

Show Comments

Extras

Top Quizzes Today


Score Distribution

Your Account Isn't Verified!

In order to create a playlist on Sporcle, you need to verify the email address you used during registration. Go to your Sporcle Settings to finish the process.

Report this User

Report this user for behavior that violates our Community Guidelines.

Details: